00269nam a2200109Ia 4500008004100000082001800041100001100059245002100070250000800091260004300099650001700142150201s2009 xx 000 0 und d a612.015bB09R aROY,RN aTB OF BIOPHYSICS a1ST bNEW CENTRAL BOOK AGENCYaKOLKATAc2009 aBIOCHEMISTRY